[Event "36 Abierto Ciudad de Sevilla"]
[Site "?"]
[Date "2011.01.13"]
[Round "7"]
[White "Alonso Garcia, Rene Marcial"]
[Black "Paunovic, Dragan"]
[Result "1/2-1/2"]
[WhiteElo "2403"]
[BlackElo "2509"]
[PlyCount "25"]
[EventDate "2011.01.13"]
[SourceDate "2011.01.07"]

1. e4 c5 2. Nf3 e6 3. d4 cxd4 4. Nxd4 a6 5. c4 Nf6 6. Nc3 Qc7 7. a3 b6 8. Be3
Bb7 9. f3 Be7 10. Rc1 d6 11. Be2 Nbd7 12. O-O Rc8 13. b4 {Diagrama #} 1/2-1/2

[Event "36 Abierto Ciudad de Sevilla"]
[Site "?"]
[Date "2011.01.13"]
[Round "7"]
[White "Burgos Figueroa, Carlos E."]
[Black "Starostits, Ilmars"]
[Result "0-1"]
[WhiteElo "2280"]
[BlackElo "2494"]
[PlyCount "72"]
[EventDate "2011.01.13"]
[SourceDate "2011.01.07"]

1. e4 c5 2. Nf3 d6 3. d4 cxd4 4. Nxd4 Nf6 5. Nc3 g6 6. Be3 Bg7 7. f3 Nc6 8. Qd2
h5 9. O-O-O Bd7 10. h3 h4 11. Be2 Rc8 12. f4 Qc7 {Diagrama #} (12... Nh5 13.
Nxc6 Bxc6 14. Bg4) (12... a6 13. Bf3 Qc7 14. Rhe1 Na5 15. Be2 b5 16. Kb1 b4 $15
) 13. Rhf1 $2 (13. Kb1) 13... Nxe4 14. Nxe4 Nxd4 15. Bxd4 Bxd4 $19 16. c3 Bg7
17. Kb1 Qb6 18. Ka1 O-O 19. Bd3 Qa5 20. Rc1 Be6 21. Bb1 Bc4 22. Rf3 Rc6 23. a3
d5 24. Nf2 d4 25. Ng4 Bd5 26. Rd3 dxc3 27. Rcxc3 Rxc3 28. bxc3 Qxa3+ 29. Ba2
Bc4 30. Rf3 Bxa2 31. Qxa2 Bxc3+ 32. Kb1 Qb4+ 33. Kc2 Bg7 34. Kd1 Rd8+ 35. Ke2
Qe4+ 36. Kf2 Rd1 0-1

[Event "36 Abierto Ciudad de Sevilla"]
[Site "?"]
[Date "2011.01.13"]
[Round "7"]
[White "Khamrakulov, Ibragim S."]
[Black "Teran Alvarez, Isamel"]
[Result "1/2-1/2"]
[WhiteElo "2494"]
[BlackElo "2432"]
[PlyCount "50"]
[EventDate "2011.01.13"]
[SourceDate "2011.01.07"]

1. e4 e6 2. d4 d5 3. Nd2 Nc6 4. Ngf3 Nf6 5. e5 Nd7 6. c3 f6 7. Bb5 fxe5 8. dxe5
Be7 9. Nb3 O-O 10. Bxc6 (10. Qe2) 10... bxc6 11. Nbd4 Nb8 12. O-O c5 13. Ne2
Nc6 14. Nf4 Rb8 15. Re1 Rf5 16. b3 a5 17. Be3 Kh8 18. g3 $2 Qf8 $17 19. h4 Nxe5
20. Nxe5 Rxe5 21. Nd3 Rf5 22. Bf4 Bd6 23. Ne5 Qe8 24. Qg4 Bb7 25. Re2 $17 Bxe5
$138 {Diagrama #} 1/2-1/2

[Event "36 Abierto Ciudad de Sevilla"]
[Site "?"]
[Date "2011.01.13"]
[Round "7"]
[White "Stella, Andrea"]
[Black "Mirzoev, Azer"]
[Result "0-1"]
[WhiteElo "2361"]
[BlackElo "2563"]
[PlyCount "78"]
[EventDate "2011.01.13"]
[SourceDate "2011.01.07"]

1. d4 Nf6 2. c4 e6 3. Nf3 b6 4. a3 Ba6 5. Qc2 c5 6. e4 cxd4 7. Nxd4 Bc5 8. Nb3
Nc6 9. Nc3 O-O 10. Bg5 h6 11. Bh4 Be7 12. Be2 Ne5 13. Nd2 Rc8 14. Qa4 Bb7 15.
Bg3 d6 16. Rd1 Bc6 17. Qc2 Qc7 18. O-O Qb8 19. b4 a6 20. c5 (20. f4) 20... bxc5
21. bxc5 Bb7 22. Na4 (22. Rb1) 22... Nfd7 23. f4 Ng6 24. f5 exf5 25. exf5 Nge5
$15 26. Nc4 Nxc5 27. Nab6 Be4 28. Qd2 Nxc4 29. Nxc4 Bg5 30. Qxd6 (30. Qb4)
30... Qb7 {Diagrama #} 31. Bf3 $2 (31. Qd4) 31... Bxf3 32. gxf3 (32. Rxf3 Rcd8
$19) 32... Rfd8 33. f4 (33. Qb6 Rxd1 34. Rxd1 Qxf3 $19) (33. Qe5 Rxd1 34. Rxd1
Nb3 $19) 33... Bf6 $19 34. Qb6 Rxd1 35. Rxd1 Qf3 36. Qb1 Ne4 37. Rd3 Qe2 38.
Re3 Bd4 39. Qxe4 Qxc4 0-1

[Event "36 Abierto Ciudad de Sevilla"]
[Site "?"]
[Date "2011.01.13"]
[Round "7"]
[White "Dizdar, Goran"]
[Black "Lalic, Bogdan"]
[Result "1/2-1/2"]
[WhiteElo "2544"]
[BlackElo "2491"]
[PlyCount "47"]
[EventDate "2011.01.13"]
[SourceDate "2011.01.07"]

1. d4 Nf6 2. c4 e6 3. Nc3 c5 4. e3 a6 5. Nf3 d5 6. a3 dxc4 7. Bxc4 b5 8. Ba2
Bb7 9. O-O Nbd7 10. Qe2 Bd6 11. e4 cxd4 12. Nxd4 O-O 13. Rd1 Qb8 14. g3 Rd8 15.
f3 b4 16. axb4 Bxb4 17. Be3 Bxc3 18. bxc3 Nc5 19. Nc6 Bxc6 20. Bxc5 Qc7 21. Qe3
Rxd1+ 22. Rxd1 Qa5 23. Bb3 h6 24. Bb6 {Diagrama #} 1/2-1/2

[Event "36 Abierto Ciudad de Sevilla"]
[Site "?"]
[Date "2011.01.13"]
[Round "7"]
[White "Torres Ventosa, Pedro Eugenio"]
[Black "Teske, Henric"]
[Result "0-1"]
[WhiteElo "2290"]
[BlackElo "2520"]
[PlyCount "78"]
[EventDate "2011.01.13"]
[SourceDate "2011.01.07"]

1. e4 Nf6 2. e5 Nd5 3. d4 d6 4. Nf3 Bg4 5. Be2 c6 6. O-O Nd7 7. exd6 exd6 8. h3
Bh5 9. c4 N5b6 10. Nc3 Be7 11. b3 O-O 12. Bb2 Re8 {Diagrama #} 13. Ne4 $6 (13.
Re1) 13... d5 $15 14. cxd5 Nxd5 15. Ng3 (15. Ne5) 15... Bg6 16. Bc4 Bd6 17.
Bxd5 (17. Re1) 17... cxd5 18. Re1 Bxg3 19. fxg3 Be4 $17 20. Qd2 Qf6 21. Rf1 Qa6
22. Qf4 f6 23. g4 Nf8 24. g5 Ne6 25. Qg3 Rf8 26. gxf6 Rxf6 27. Ne5 Raf8 28.
Rxf6 Rxf6 29. Nd7 Rf7 30. Ne5 Rf5 31. Ng4 (31. Rc1) 31... Nf4 $19 32. Kh2 Nxg2
33. Ba3 Nf4 34. Re1 h5 35. Ne3 Rf7 36. Rf1 Qxa3 37. Rxf4 Qc1 38. Qf2 h4 39. Ng2
Bxg2 0-1

[Event "36 Abierto Ciudad de Sevilla"]
[Site "?"]
[Date "2011.01.13"]
[Round "7"]
[White "Fernandez-Martos Machado, Eduar"]
[Black "Komljenovic, Davorin"]
[Result "1-0"]
[WhiteElo "2129"]
[BlackElo "2457"]
[PlyCount "89"]
[EventDate "2011.01.13"]
[SourceDate "2011.01.07"]

1. d4 Nf6 2. c4 c5 3. d5 b5 4. cxb5 a6 5. e3 Bb7 6. bxa6 Bxd5 7. Nc3 Bc6 8. Nf3
Nxa6 9. Be2 g6 10. O-O Bg7 11. Ne5 {Diagrama #} Bb7 $4 12. Qb3 $18 O-O 13. Qxb7
Nb4 14. Qf3 d5 15. Rd1 Qa5 16. Bd2 Qc7 17. Nd3 Nxd3 18. Bxd3 c4 19. Bc2 e6 20.
Rab1 Nd7 21. a4 Nc5 22. Nb5 Qb6 23. Bc3 Nxa4 24. Bxg7 Kxg7 25. Nc3 Nxb2 26. Na4
Nxa4 27. Rxb6 Nxb6 28. Qf4 Nd7 29. Qd4+ Kg8 30. e4 Ra5 31. h4 h5 32. exd5 Rxd5
33. Qxc4 Ne5 34. Qf4 Rfd8 35. Rxd5 Rxd5 36. f3 Kg7 37. Qb4 Nc6 38. Qc3+ Nd4 39.
Be4 Rd7 40. Kf2 e5 41. Qc5 Kf6 42. g4 hxg4 43. fxg4 Re7 44. g5+ Ke6 45. Qd5#
1-0

[Event "36 Abierto Ciudad de Sevilla"]
[Site "?"]
[Date "2011.01.13"]
[Round "7"]
[White "Estrada Nieto, Julian"]
[Black "Valenti, Giuseppe"]
[Result "1-0"]
[WhiteElo "2309"]
[BlackElo "2133"]
[PlyCount "57"]
[EventDate "2011.01.13"]
[SourceDate "2011.01.07"]

1. e4 d6 2. d4 Nf6 3. Nc3 e5 4. Nf3 Nbd7 5. Bc4 Be7 6. O-O O-O 7. Re1 c6 8. a4
a5 {Mitkov} 9. b3 (9. h3) (9. Ba2) 9... Re8 (9... exd4 10. Nxd4 Nc5 11. Bb2 Re8
12. Qd2 Bf8 13. f3 Qb6 14. Kh1 $14) 10. Bb2 h6 (10... exd4 11. Nxd4 $14) 11.
Qd2 Bf8 12. Rad1 Qc7 13. h3 {jugada de espera} Nb6 (13... g6 14. Ba3 $14) 14.
Bd3 (14. Bf1) 14... Be6 (14... Bd7) 15. Ne2 {
reubicación típica; el N a g3, c4 y xa5 jugando en ambos flancos} Bc8 (15...
Nbd7) (15... Nxe4 16. Bxe4 d5 17. Bxd5 Nxd5 18. dxe5 $14) 16. Ng3 g6 17. c4
Nbd7 18. Nh4 (18. c5 $5 {creando complicaciones centrales}) (18. Bc2) 18... b6
19. Bc2 Bg7 (19... Bb7 $5) 20. Nhf5 $1 gxf5 21. Nxf5 Kh7 (21... Nf8 22. Nxg7
Kxg7 23. f4 Ng6) 22. Nxg7 Kxg7 23. f4 {ataque} c5 (23... Re6) 24. dxe5 dxe5 25.
Rf1 Re6 (25... Ng8 26. Rf3 $1) 26. fxe5 Nxe5 {Diagrama #} (26... Rxe5 27. Qf4
$1) 27. Qf4 (27. Rf5 $5 Qe7) 27... Ra7 $2 (27... Qe7 28. Rd5 $1 Nfd7 29. Rf3 $5
{con ataque}) 28. Rd5 $1 $18 Nxd5 (28... Ned7 29. e5 $1) 29. exd5 {
comentarios Estrada para P Belleza} 1-0

[Event "36 Abierto Ciudad de Sevilla"]
[Site "?"]
[Date "2011.01.13"]
[Round "7"]
[White "Piasetski, Leon"]
[Black "Blanco Perez, David"]
[Result "1-0"]
[WhiteElo "2303"]
[BlackElo "2119"]
[PlyCount "77"]
[EventDate "2011.01.13"]
[SourceDate "2011.01.07"]

1. c4 Nc6 2. Nc3 Nf6 3. d4 e5 4. d5 Ne7 5. Nf3 Ng6 6. h4 h5 7. a3 a5 8. Rb1 d6
9. Ng5 Be7 10. g3 Nh7 $6 (10... Bd7) 11. Nxh7 Rxh7 12. e4 Bg4 13. f3 Bd7 14. b3
Bf6 15. Be3 Kf8 16. Qd2 b6 17. Bd3 Qe7 18. Ke2 Rh8 19. b4 axb4 20. axb4 Qd8 21.
c5 {Diagrama #} Kg8 (21... bxc5 22. bxc5 dxc5 23. Bxc5+ Be7 $14) 22. c6 Bc8 (
22... Be8) 23. Ra1 Rxa1 24. Rxa1 $18 Bxh4 25. gxh4 Qxh4 26. Ra8 Kh7 27. Qe1
Qh2+ 28. Qf2 Nf4+ 29. Kd2 Qh1 30. Bxf4 exf4 31. e5+ g6 32. exd6 cxd6 33. Ne4 h4
34. Ng5+ Kg7 35. Qd4+ f6 36. Ra7+ Kh6 37. Qxf6 Qg2+ 38. Kc3 Bf5 39. Nf7+ 1-0

[Event "36 Abierto Ciudad de Sevilla"]
[Site "Barcelona"]
[Date "2011.01.11"]
[Round "5"]
[White "Gonzalez Garcia, Jose"]
[Black "Teran Alvarez, Ismael"]
[Result "1-0"]
[WhiteElo "2503"]
[BlackElo "2432"]
[Annotator "Gonzalez Garcia,Jose"]
[PlyCount "53"]
[SourceDate "2011.01.07"]
[TimeControl "180+5"]

1. Nf3 c5 2. e4 d6 3. d4 cxd4 4. Nxd4 Nf6 5. Nc3 Nc6 6. Bg5 Bd7 7. Qd2 Rc8 8.
Nxc6 Bxc6 9. f3 a6 10. O-O-O e6 11. Kb1 Be7 12. h4 (12. Bf4 d5) 12... O-O 13.
Ne2 b5 (13... h6 14. Be3 d5 15. e5 Nd7 16. f4 Nc5 17. Nd4 $13) 14. Nd4 Qb6 (
14... Bb7 15. Bd3) 15. g4 b4 16. Be3 Qb7 17. g5 $5 {Diagrama #} Nd7 (17... Nxe4
$1 18. fxe4 Bxe4 19. Rh2 e5 20. Bh3 (20. Nb3 Rxc2 21. Qxc2 Bxc2+ 22. Rxc2 Qf3
23. Re1 $13) (20. h5 exd4 21. Qxd4) (20. Bd3 exd4 21. Bxe4 Qxe4 22. Bxd4 $13)
20... exd4 (20... Rc4 21. Nf5 Rxc2 22. Qxc2 Bxc2+ 23. Rxc2 $18) 21. Bxc8 Rxc8
22. Qxd4 d5 $44) 18. g6 Nc5 (18... hxg6 19. h5 {Con fuerte ataque.}) (18...
fxg6 19. Bh3 e5 20. h5 $1 gxh5 (20... exd4 21. Be6+ Kh8 (21... Rf7 22. hxg6
hxg6 23. Qh2) 22. hxg6 $18) 21. Nf5) 19. h5 Bf6 20. Bg5 {
Intentando eliminar la mejor pieza defensiva de las negras.} (20. gxh7+ Kh8 21.
h6 g6) 20... Be5 21. gxh7+ Kxh7 $6 (21... Kh8 22. h6 g6 23. Bg2 $1 {
Prepara f4 para incomodar al Be5} Kxh7 (23... Na4 24. Ka1) (23... a5 24. Nxc6
Rxc6 25. f4 Bc3 26. Qf2 $16) 24. Nxc6 (24. Qf2) 24... Rxc6 25. f4 Bc3 26. Qe3 {
La posición blanca es muy prometedora.}) 22. Nxc6 Rxc6 $2 (22... Qxc6 {
era el mal menor.} 23. f4 Bf6 (23... Nxe4 24. Bd3) 24. Qg2 $16 (24. h6 Bxg5 25.
hxg7+ Kxg7) (24. Bxf6 gxf6 {no es claro.}) 24... Nxe4 $2 25. Bd3 d5 26. Bxe4+
dxe4 27. h6 $18) 23. f4 $1 Bc3 (23... Nxe4 24. Bd3 $18) 24. Qg2 Na4 $2 {
Diagrama #} (24... Rfc8 25. e5 $1 dxe5 26. Bf6) (24... Rcc8 25. Rxd6) (24... f6
25. Bh4 $16) 25. e5 $1 dxe5 (25... Nxb2 26. Bf6) (25... f5 26. h6 g6 27. Rxd6)
(25... f6 26. Rxd6 Rxd6 27. Bd3+) 26. Bf6 $1 Rg8 27. Bd3+ (27. Bd3+ Kh8 28. Qg6
fxg6 (28... e4 29. Qh6#) 29. hxg6# {Comentarios de González para P Belleza})
1-0

[Event "36 Abierto Ciudad de Sevilla"]
[Site "?"]
[Date "2011.01.13"]
[Round "7"]
[White "Sengupta, Deep"]
[Black "Gonzalez Garcia, Jose"]
[Result "1/2-1/2"]
[WhiteElo "2530"]
[BlackElo "2503"]
[PlyCount "175"]
[EventDate "2011.01.13"]
[SourceDate "2011.01.07"]

1. e4 c5 2. Nf3 e6 3. d4 cxd4 4. Nxd4 Nc6 5. Nc3 Qc7 6. Be3 Nf6 7. Qd2 Nxd4 8.
Bxd4 e5 9. Be3 Bb4 10. f3 O-O 11. Bg5 d6 12. Bxf6 gxf6 13. Bd3 Bxc3 14. bxc3
Qc5 15. Rb1 a6 16. Qh6 Be6 17. h4 Qxc3+ 18. Kf1 Rfc8 19. h5 Qc7 20. f4 (20.
Qxf6 Qd8 21. Qxd8+ Rxd8 22. Rxb7 Bxa2 23. Ke2 a5 24. Ra1 Be6 25. h6 $14) 20...
exf4 21. Rh4 Qc5 (21... Qc3 22. Rxf4 Qe5 23. Rxb7 Rab8 24. Rxb8 Rxb8 25. Qxf6
$11) 22. e5 $14 f5 {Diagrama #} 23. exd6 (23. Rg4+ fxg4 24. Bxh7+ Kh8 25. Bf5+
Kg8 26. Qh7+ Kf8 27. Bxe6 Rc7 (27... fxe6 28. Rxb7) 28. Qh8+ Ke7 29. Qf6+ Kf8
30. exd6 Qxd6 31. Re1 Qb4 32. c4 $16) 23... Qxd6 24. Rxb7 (24. Rxf4) 24... Qe5
$11 25. Rxf4 (25. Qxf4) 25... Kh8 26. Rb1 Qg7 (26... Rc6) 27. Qxg7+ Kxg7 28. a4
(28. Rb6) 28... Rc5 29. Ke2 Kf6 30. g3 Rg8 31. Kf2 Kg5 32. Rb6 a5 33. Rb5 Rgc8
34. Ke3 Bd7 35. Rxc5 Rxc5 36. Kd4 Rc6 37. c4 Re6 38. Kc3 Rc6 39. Rd4 Rc7 40.
Rd5 Bxa4 (40... Ra7) 41. Rxf5+ Kh6 42. Rxa5 Bd1 43. Be4 Bxh5 44. c5 Bg6 45. Bf3
Kg5 46. c6+ f5 47. Kd4 Be8 48. Kc5 Bxc6 49. Bxc6 Kg4 50. Kd6 Rg7 51. Bd7 Kxg3
52. Rxf5 h6 53. Rh5 Rg6+ 54. Be6 Kf4 55. Ke7 Rg5 56. Rxh6 {Diagrama #} Ke3 57.
Rh7 Rg1 58. Rh5 Kd4 59. Kd6 Ra1 60. Rh4+ Ke3 61. Ke5 Ra8 62. Rh3+ Ke2 63. Bd5
Rd8 64. Kd4 Kd2 65. Rh2+ Kd1 66. Rg2 Rd7 67. Ke4 Kc1 68. Bc4 Rd2 69. Rg6 Kb2
70. Bd3 Kc3 71. Rc6+ Kb4 72. Kd4 Rb2 73. Ra6 Kb3 74. Bc4+ Kb4 75. Rc6 Ka3 76.
Bd3 Kb4 77. Bc2 Kb5 78. Rc8 Kb4 79. Rc7 Ka3 80. Kd3 Rb6 81. Rc5 Rb4 82. Rc3+
Kb2 83. Kd2 Rd4+ 84. Bd3 Rh4 85. Rc7 Rb4 86. Rc1 Ka3 87. Bc4 Kb2 88. Rc3 {
Ilegible} 1/2-1/2

[Event "36 Abierto Ciudad de Sevilla"]
[Site "?"]
[Date "2011.01.13"]
[Round "7"]
[White "Corrales Jimenez, Fidel"]
[Black "Haslinger, Stewart G."]
[Result "1/2-1/2"]
[WhiteElo "2591"]
[BlackElo "2536"]
[PlyCount "168"]
[EventDate "2011.01.13"]
[SourceDate "2011.01.07"]

1. d4 d5 2. c4 c6 3. Nc3 Nf6 4. Nf3 a6 5. cxd5 cxd5 6. Bf4 Nc6 7. Rc1 Bf5 8. e3
Rc8 9. Be2 e6 10. O-O Bd6 11. Bxd6 Qxd6 12. Na4 O-O 13. Nc5 Qe7 14. Qb3 Rc7 15.
Rc3 Bg4 16. Rfc1 e5 17. dxe5 Nxe5 18. Nxe5 Bxe2 19. Ncd3 Rfc8 20. h3 (20. R1c2
Bxd3 21. Nxd3 h6 22. Rxc7 Rxc7 23. Rc3 Rxc3 24. Qxc3 Qe4 25. b3 a5 26. a4 b6
27. Kf1 Kh7 28. Qd4 Qxd4 29. exd4 Kg8 30. f3 Kf8 31. Ke2 Ke7 32. h4 g5 33. hxg5
hxg5 34. g4 Ne8 35. f4 f6 36. b4 Nd6 {
1/2-1/2 Dieb fritz,D (2731)-Belov,V (2582)/playchess.com INT 2005}) 20... h6
21. a4 Qd6 22. R1c2 Rxc3 23. Rxc3 Re8 {Diagrama #} 24. Qxb7 (24. Qc2) 24...
Rxe5 25. Nxe5 Qxe5 26. Rc8+ Kh7 27. Qxf7 Qxb2 $15 28. Rc7 Qb1+ 29. Kh2 Qg6 30.
Qxg6+ Kxg6 31. f3 Bd1 32. a5 Ba4 33. g4 Nd7 34. Kg3 Kf6 35. f4 g6 36. Rc8 Bb5
37. h4 h5 38. g5+ Ke6 39. Kf3 Kf5 40. Re8 Bc4 41. Kg3 Bd3 42. Re7 Bb5 43. Kf3
Ba4 44. Re8 Bb5 45. Rc8 Ba4 46. Kg3 Bb5 47. Kf3 Ba4 48. Ke2 Bb5+ 49. Kd2 d4 50.
exd4 Kxf4 51. Rg8 Kg4 52. Ke3 Kf5 53. Rc8 Ba4 54. Rg8 Bb5 55. d5 Ne5 56. Rf8+
Kg4 57. Ke4 Nd7 58. Rf6 Nc5+ 59. Kd4 Nd7 60. Rxg6 Kxh4 61. Rg8 Kg4 62. d6 h4
63. Kd5 Kf5 64. Rg7 h3 65. Rh7 Kxg5 66. Rxh3 Nf6+ 67. Ke5 Bd7 68. Rf3 Ng4+ 69.
Kd4 Nf6 70. Re3 Kf5 71. Re5+ Kf4 72. Re7 Bb5 73. Rb7 Bd7 74. Rb1 Kf5 75. Re1
Ba4 76. Re5+ Kg6 77. Re3 Kf5 78. Re7 Nd7 79. Kc4 Bb5+ 80. Kd5 Nf6+ 81. Kd4 Nd7
82. Re3 Ba4 83. Re7 Bb5 84. Re3 Ba4 {Diagrama # Ilegible} 1/2-1/2

[Event "36 Abierto Ciudad de Sevilla"]
[Site "?"]
[Date "2011.01.13"]
[Round "7"]
[White "Lemos, Damian"]
[Black "Fernandez Romero, Ernesto"]
[Result "0-1"]
[WhiteElo "2553"]
[BlackElo "2453"]
[PlyCount "102"]
[EventDate "2011.01.13"]
[SourceDate "2011.01.07"]

1. d4 Nf6 2. Nf3 g6 3. c4 Bg7 4. Nc3 O-O 5. e4 d6 6. Be2 e5 7. O-O Nc6 8. d5
Ne7 9. Ne1 Nd7 10. Nd3 f5 11. Bd2 Nf6 12. f3 Kh8 13. Rc1 c6 14. Kh1 a6 15. Be3
f4 16. Bf2 c5 17. b4 b6 18. Rb1 g5 19. bxc5 bxc5 20. Na4 Nd7 21. Qd2 Ng8 22.
Be1 Rf6 23. Qa5 Qe8 24. Qc7 Rh6 25. Nf2 Ndf6 26. Nb6 Nh5 $2 (26... Qh5 27. h3
Ne8 28. Qc6 Rb8 29. Ba5 $14) 27. Ng4 (27. Kg1 Ng3 28. Bd3 Qh5 29. h3 Bxh3 30.
Nxh3 Nxf1 31. Nxa8 $18) 27... Bxg4 28. fxg4 Ng3+ 29. Bxg3 fxg3 30. Rf7 (30.
Nxa8 Rxh2+ 31. Kg1 Qg6 32. Qf7 Qxe4 (32... Qh6 33. Qxg8+ Kxg8 34. Rb8+ Bf8 35.
Rbxf8+ Qxf8 36. Rxf8+ Kxf8 37. Nc7 $14) 33. Qxg8+ Kxg8 34. Rb8+ Bf8 35. Rbxf8+
Kg7 36. R1f7+ Kg6 37. Rf6+ $11) 30... Rxh2+ 31. Kg1 Rb8 32. Rbf1 (32. Rb3)
32... Qd8 33. Rxg7 (33. Qxd8 Rxd8 34. R1f3 $14) 33... Qxc7 34. Rxc7 Rxb6 $15
35. Rf8 Rh6 36. Rcc8 Rg6 37. Rb8 Rxb8 38. Rxb8 Rf6 39. Bf3 Rf4 40. a4 Kg7 41.
Rb7+ Kf8 42. Rb8+ Kg7 43. Rb7+ Kf8 {Diagrama #} 44. Rb6 $6 (44. Rb8+) 44... Nf6
$17 45. Rxd6 Nxe4 46. Re6 $2 (46. Bxe4 Rxe4 47. Kf1 Rxg4 48. Rxa6 Rxc4 49. Re6
Rxa4 50. Rxe5 $17) 46... Nd2 $19 47. d6 (47. Rxe5 Rxf3) 47... Rd4 (47... Rxc4)
48. Rxe5 Rxc4 49. Rf5+ Kg7 50. Rxg5+ Kh6 51. Rh5+ Kg6 0-1

[Event "36 Abierto Ciudad de Sevilla"]
[Site "?"]
[Date "2011.01.13"]
[Round "7"]
[White "Abbasov, Farid"]
[Black "Razmyslov, Alexander"]
[Result "1/2-1/2"]
[WhiteElo "2537"]
[BlackElo "2439"]
[PlyCount "77"]
[EventDate "2011.01.13"]
[SourceDate "2011.01.07"]

1. d4 Nf6 2. c4 g6 3. Nc3 Bg7 4. e4 d6 5. Nf3 O-O 6. Be2 e5 7. O-O exd4 8. Nxd4
Re8 9. f3 Nc6 10. Be3 Nh5 11. Nxc6 bxc6 12. Qd2 f5 13. Bg5 Bf6 14. Bxf6 Qxf6
15. exf5 Qxf5 16. f4 Nf6 17. Kh1 Qc5 18. b3 Qe3 19. Qb2 Bg4 20. Bxg4 Nxg4 21.
h3 Nf6 22. Rf3 Qe7 23. Qf2 Qg7 24. Rd1 a5 25. Re1 Rxe1+ 26. Qxe1 Re8 27. Qf2
Qe7 28. Kh2 c5 29. Qd2 Qe1 30. Qd3 Qe6 31. Qc2 Qe1 32. Qd3 Qe6 33. Nb5 Re7 34.
Qd2 a4 35. Qa5 axb3 36. axb3 Ne8 37. Qa8 Kg7 38. Nc3 Nf6 39. Rd3 {
Diagrama # Ilegible} 1/2-1/2

[Event "36 Abierto Ciudad de Sevilla"]
[Site "?"]
[Date "2011.01.13"]
[Round "7"]
[White "Saric, Ante"]
[Black "Korneev, Oleg"]
[Result "1-0"]
[WhiteElo "2482"]
[BlackElo "2576"]
[PlyCount "67"]
[EventDate "2011.01.13"]
[SourceDate "2011.01.07"]

1. d4 d5 2. c4 e6 3. Nf3 Nf6 4. Nc3 c6 5. e3 Nbd7 6. Qc2 Bd6 7. Bd3 O-O 8. O-O
dxc4 9. Bxc4 b5 10. Bd3 Bb7 11. Rd1 a6 12. Ng5 Bxh2+ 13. Kxh2 Ng4+ 14. Kg1 Qxg5
15. f3 Ngf6 16. e4 Qh4 17. Be3 e5 18. Ne2 Rfe8 (18... Nh5 19. b4 Ng3 20. a4
Rac8 21. Qb2 exd4 22. Bxd4 f6 23. Nxg3 Qxg3 24. Bc2 Rcd8 25. Bb3+ Kh8 26. Qf2
Qb8 27. a5 Ne5 28. Bb6 Rd3 29. Rxd3 Nxd3 30. Qd2 c5 31. bxc5 Ne5 32. Qd6 Qa8
33. Rd1 Nc4 34. Qd4 f5 35. Bxc4 bxc4 36. e5 Bxf3 37. gxf3 Qxf3 38. Rd2 f4 39.
Rg2 Qb7 40. e6 f3 41. c6 Qe7 42. Bc5 {
1-0 Eljanov,P (2729)-Inarkiev,E (2645)/Khanty Mansiysk 2009}) 19. b4 Nh5 20.
Qd2 h6 21. a4 Ng3 22. Nxg3 Qxg3 23. Qf2 Qg6 24. Bc2 Rad8 (24... a5 $5) 25. Bb3
exd4 26. Bxd4 Nf8 27. Bb6 Rxd1+ 28. Rxd1 Bc8 29. a5 Be6 30. Bc2 Qg5 $6 (30...
Qf6 31. f4 Qc3) 31. f4 Qg4 32. Rd6 $14 Bc4 33. Bd1 Qc8 34. Bf3 $14 {
Diagrama # Ilegible} 1-0

[Event "36 Abierto Ciudad de Sevilla"]
[Site "?"]
[Date "2011.01.13"]
[Round "7"]
[White "Spraggett, Kevin"]
[Black "Bellia, Fabrizio"]
[Result "1-0"]
[WhiteElo "2575"]
[BlackElo "2417"]
[PlyCount "121"]
[EventDate "2011.01.13"]
[SourceDate "2011.01.07"]

1. e4 e5 2. Nf3 Nc6 3. Bb5 a6 4. Ba4 Nf6 5. O-O Be7 6. Re1 b5 7. Bb3 d6 8. c3
O-O 9. h3 Bb7 10. d3 Na5 11. Bc2 c5 12. Nbd2 Re8 13. Nf1 Bf8 14. Bg5 h6 15. Bh4
Be7 16. Ne3 g6 17. b4 Nc6 (17... cxb4 18. cxb4 Nc6 19. Bb3 Kg7 20. a3 Ng8 21.
Bg3 Nf6 22. Nd5 Nxd5 23. exd5 Nd4 24. Nxd4 exd4 25. Ra2 Qd7 {
1/2-1/2 Simagin,V-Averbakh,Y/Moscow 1962}) 18. a3 $14 cxb4 (18... a5) 19. axb4
$16 Nh5 20. Bxe7 Nxe7 21. Ng4 Kg7 22. Qd2 Ng8 23. Bb3 Nhf6 24. Ne3 d5 (24... a5
) 25. exd5 Nxd5 26. Nxd5 Bxd5 27. Bxd5 Qxd5 28. Re3 Re6 29. Rae1 Rae8 30. Qc2
Nf6 31. c4 bxc4 32. dxc4 Qb7 33. Qb2 (33. Qc3) 33... Rb8 34. Rb1 e4 35. Nd4 Rb6
36. Rb3 {Diagrama #} Qc8 $2 (36... Rd6) 37. c5 R6b7 38. Qc3 Kh7 39. Qc4 Rd7 40.
Ra3 Kg8 41. c6 Rxd4 42. Qxd4 Qxc6 43. Rba1 Rb6 44. Ra5 h5 45. Rc5 Qe6 46. Qd8+
Ne8 47. Rc8 Kf8 48. Qd4 Qxc8 49. Qxb6 Qc3 50. Rd1 Qc2 51. Re1 Qd3 52. Ra1 Qc3
53. Rxa6 Nc7 54. Qd6+ Kg7 55. Rc6 Qa1+ 56. Kh2 Ne6 57. b5 Qb2 58. b6 Qxf2 59.
Qe5+ Kh7 60. Rc8 Ng7 61. b7 1-0

[Event "36 Abierto Ciudad de Sevilla"]
[Site "?"]
[Date "2011.01.13"]
[Round "7"]
[White "Kovacevic, Slobodan"]
[Black "Rizouk, Aimen"]
[Result "0-1"]
[WhiteElo "2330"]
[BlackElo "2539"]
[PlyCount "76"]
[EventDate "2011.01.13"]
[SourceDate "2011.01.07"]

1. d4 Nf6 2. Nf3 e6 3. Bf4 c5 4. e3 Qb6 5. Qc1 Nc6 6. c3 Nh5 7. Bg3 Nxg3 8.
hxg3 d5 9. Nbd2 Bd7 10. Qb1 g6 11. Nb3 Rc8 12. Be2 cxd4 13. exd4 Bd6 14. Qd1 f6
15. Nh2 (15. g4) 15... Kf7 16. Ng4 h5 17. Ne3 Ne7 18. Qd2 Nf5 19. Nxf5 exf5 20.
O-O-O Ba4 21. Bf3 (21. Qc2) 21... Bxb3 22. axb3 Qxb3 $15 23. Qc2 Qa2 24. Kd2
Bf8 25. Ke2 Ba3 {Diagrama #} 26. Rb1 (26. Ra1 Qxb2 27. Qxb2 Bxb2 28. Bxd5+ Kg7
29. Rxa7 Rhe8+ 30. Kd3 Rxc3+ 31. Kd2 Rc7 32. Kd3 $15) 26... Rhe8+ 27. Kd1 $6 (
27. Kf1) 27... Bf8 $17 28. Be2 (28. Re1) 28... Re4 $19 29. Bd3 Rxd4 30. Ke2
Re8+ 31. Kd2 Rg4 32. Rh4 Rxh4 33. gxh4 d4 34. g3 Bh6+ 35. Kd1 dxc3 36. Qxc3 Qd5
37. Qc4 Qxc4 38. Bxc4+ Kg7 {Ilegible} 0-1

[Event "36 Abierto Ciudad de Sevilla"]
[Site "?"]
[Date "2011.01.13"]
[Round "7"]
[White "Campora, Daniel H."]
[Black "Lanzani, Mario"]
[Result "1-0"]
[WhiteElo "2488"]
[BlackElo "2359"]
[PlyCount "103"]
[EventDate "2011.01.13"]
[SourceDate "2011.01.07"]

1. e4 e5 2. Nf3 Nc6 3. d4 exd4 4. Nxd4 Nf6 5. Nxc6 bxc6 6. Bd3 d5 7. exd5 cxd5
8. O-O Be7 9. c4 O-O 10. Nc3 Be6 11. cxd5 Nxd5 12. Nxd5 Bxd5 13. Qc2 h6 14. Bf4
c6 15. Rad1 Bf6 16. b3 Qa5 17. h3 Qb4 18. Bc4 Rad8 19. Be3 Bxc4 20. Qxc4 Qxc4
21. bxc4 a6 22. g4 Rxd1 23. Rxd1 Rb8 (23... Rd8) 24. Rd6 Rb2 25. a4 Rb4 26.
Rxc6 Rxa4 27. Kg2 a5 28. Kf3 Bg5 29. Bd4 Bf6 (29... Ra3+ 30. Ke4 Rxh3 31. f4
Bh4 $14) 30. Rc8+ Kh7 31. Bxf6 gxf6 32. Ke4 Ra1 (32... Ra2) 33. Kd4 Rd1+ 34.
Kc5 Rf1 35. Kb5 Rxf2 36. c5 f5 37. c6 f4 38. Rd8 Rb2+ (38... Rc2) 39. Kxa5 Rc2
40. Kb6 Rb2+ 41. Ka7 Rc2 42. Kb7 {Diagrama #} f3 $2 (42... Rb2+ 43. Kc8 f3 44.
c7 (44. Rd3 f2 45. Rf3 Kg7) 44... f2 45. Rd1 Rd2 46. Rf1 Kg6) 43. c7 $18 f2 44.
Rd1 Rb2+ 45. Kc6 Rc2+ 46. Kd7 Rd2+ 47. Rxd2 f1=Q 48. c8=Q Qxh3 49. Qc2+ Kg7 50.
Qe4 Qa3 51. Qd4+ Kg8 52. Re2 1-0